00898nam a2200229Ia 4500003000900000008004100009020001800050040001600068080001900084245016200103260003600265300001600301650004100317650003200358650003500390700003600425700002900461700003000490942000700520999001700527952012400544IN-BaIIA211028s9999 xx 000 0 eng d a0-8243-0930-8 cIIA Library a(05)52bANN-30 0aAnnual review of astronomy and astrophysicsbvol. 30cedited by Geoffrey Burbridge, David Layzer and Allan Sandage  aPalo AltobAnnual Reviewsc1992 aviii, 767p. aAstronomy and astrophysics thesaurus aAstronomy-Periodicals94087 aAstrophysics-Periodicals94088 aBurbridge, Geoffrey, ed.917817 aLayzer, David, ed.94091 aSandage, Allan, ed.99048 cBK c10481d10481 00104070aBANbBANcGENd1992-11-20g1972.00l0o(05)52/ ANN-30p11391r2021-11-05v1972.00w1992-11-20yBKGRs. 1972